[Event "Championnat de France des Jeunes - Pupilles"]
[Site "MONTLUCON"]
[Date "2011.04.17"]
[Round "1.1"]
[White "Maulana, Kahfi"]
[Black "Charrier, Arthur"]
[Result "1-0"]
[WhiteElo "1907"]
[BlackElo "1591"]
[Annotator ""]

1. e4 c5 2. d3 d6 3. Nf3 Nf6 4. g3 g6 5. Bg2 Bg7 6. O-O O-O 7. Nh4 Nc6 8. f4
Bg4 9. Qd2 Bd7 10. c3 b5 11. d4 cxd4 12. cxd4 Qb6 13. Rd1 Bg4 14. Bf3 Bxf3 15.
Nxf3 Nxe4 16. Qd3 Nf6 17. Kg2 Rac8 18. Nc3 a6 19. Be3 Qb7 20. d5 Nb8 21. h3
Nbd7 22. a3 Nc5 23. Qe2 Rc7 24. Kh2 Rfc8 25. Nd4 Nfe4 26. Nxe4 Nxe4 27. Nc6 Nf6
28. Nb4 a5 29. Nc6 a4 30. Nb4 Rc4 31. Qd3 Nd7 32. Nc6 Nc5 33. Bxc5 Rxc5 34. Qe2
e6 35. Rac1 Rxc1 36. Rxc1 Re8 37. Re1 e5 38. Qd3 Qb6 39. Re2 f6 40. h4 Kf8 41.
f5 Kf7 42. h5 g5 43. Rc2 e4 44. Qe2 e3 45. Nb4 Qd4 46. h6 Bf8 47. Qh5+ Kg8 48.
Qxe8 Qg4 49. Nc6 1-0

[Event "Championnat de France des Jeunes - Pupilles"]
[Site "MONTLUCON"]
[Date "2011.04.17"]
[Round "1.2"]
[White "Roque, Gaetan"]
[Black "Mathis, Daniel"]
[Result "1-0"]
[WhiteElo "1583"]
[BlackElo "1870"]
[PlyCount "47"]

1. d4 d5 2. Nf3 e6 3. c4 Nf6 4. e3 c6 5. Nc3 Nbd7 6. Bd3 Be7 7. O-O O-O 8. Ne5
Nxe5 9. dxe5 Nd7 10. f4 f5 11. cxd5 cxd5 12. Rf3 b6 13. Rh3 Rf7 14. Nxd5 exd5
15. e6 Rf6 16. exd7 Qxd7 17. b3 Rf7 18. Bb2 Bb7 19. Qh5 g6 20. Qxg6+ Kf8 21.
Rxh7 Rxh7 22. Qxh7 Bc8 23. Bg7+ Kf7 24. Bh6+ 1-0

[Event "Championnat de France des Jeunes - Pupilles"]
[Site "MONTLUCON"]
[Date "2011.04.17"]
[Round "1.3"]
[White "Mohammad, Fahim"]
[Black "Feugier, Thomas"]
[Result "1/2-1/2"]
[WhiteElo "1853"]
[BlackElo "1580"]
[PlyCount "104"]

1. d4 d5 2. c4 e5 3. dxe5 d4 4. Nf3 Nc6 5. e3 dxe3 6. Qxd8+ Nxd8 7. Bxe3 Nc6 8.
Nc3 Bb4 9. Bd2 Bg4 10. Nd5 Bxd2+ 11. Nxd2 O-O-O 12. f4 Be6 13. Ne3 f6 14. f5
Bf7 15. e6 Be8 16. O-O-O g6 17. c5 gxf5 18. Nxf5 Bg6 19. g4 Nge7 20. Nxe7+ Nxe7
21. Bg2 Rhe8 22. Nc4 Rxd1+ 23. Rxd1 f5 24. Nd6+ cxd6 25. cxd6 Kd8 26. dxe7+
Kxe7 27. gxf5 Bxf5 28. Bxb7 Bxe6 29. a3 Kf6 30. b4 Rb8 31. Be4 h6 32. Rg1 Ke5
33. Bb1 Rc8+ 34. Kb2 Rb8 35. Kc3 Rc8+ 36. Kd2 Rd8+ 37. Ke3 Rc8 38. Rg3 Rc1 39.
Bh7 Ra1 40. Kd2 Ra2+ 41. Kc1 Rxh2 42. a4 Rh4 43. Re3+ Kd6 44. Be4 Bd5 45. Bxd5
Kxd5 46. Re7 Rxb4 47. Rxa7 Kc5 48. Ra5+ Kb6 49. Rh5 Rxa4 50. Rxh6+ Kc5 51. Rh5+
Kd6 52. Kb2 Rc4 1/2-1/2

[Event "Championnat de France des Jeunes - Pupilles"]
[Site "MONTLUCON"]
[Date "2011.04.17"]
[Round "1.5"]
[White "O'Sullivan, Thomas"]
[Black "Chambon, Hugo"]
[Result "1-0"]
[WhiteElo "1814"]
[BlackElo "1560"]
[PlyCount "87"]

1. d4 Nf6 2. c4 d6 3. Nc3 Bf5 4. Nf3 Nbd7 5. e3 g6 6. Be2 Bg7 7. Nh4 e6 8. Nxf5
exf5 9. O-O O-O 10. Bf3 c6 11. b4 a6 12. Rb1 Qc7 13. Qb3 Rfc8 14. a4 Rab8 15.
Ba3 b5 16. Rfc1 Qb7 17. cxb5 axb5 18. axb5 d5 19. bxc6 Rxc6 20. Nxd5 Nxd5 21.
Bxd5 Rxc1+ 22. Rxc1 Qa7 23. Bxf7+ Kh8 24. b5 Qa5 25. Rb1 Ra8 26. Bc5 Nxc5 27.
dxc5 Qd2 28. Qd5 Qa5 29. g3 Rd8 30. Qc4 Qa8 31. c6 Qc8 32. b6 Rf8 33. c7 Qb7
34. Bd5 Qc8 35. b7 Qe8 36. b8=Q Qe7 37. c8=Q h6 38. Qxf8+ Qxf8 39. Qxf8+ Bxf8
40. Rb8 Kg7 41. Qd4+ Kh7 42. Rxf8 g5 43. Qf6 h5 44. Rh8# 1-0

[Event "Championnat de France des Jeunes - Pupilles"]
[Site "MONTLUCON"]
[Date "2011.04.17"]
[Round "1.6"]
[White "Assou Vaudry, Antoine"]
[Black "Ginovart, Axel"]
[Result "0-1"]
[WhiteElo "1558"]
[BlackElo "1802"]
[PlyCount "42"]

1. d4 d5 2. c4 e5 3. dxe5 d4 4. Nf3 Nc6 5. Bg5 Be7 6. Bxe7 Ngxe7 7. g3 Ng6 8.
Bg2 Ngxe5 9. Nxe5 Nxe5 10. Nd2 d3 11. O-O O-O 12. exd3 Qxd3 13. Be4 Qd4 14. Re1
c6 15. Bxh7+ Kxh7 16. Qh5+ Kg8 17. Nb3 Qxb2 18. Rxe5 Bg4 19. Qxg4 Qxe5 20. Rd1
Rad8 21. Rxd8 Rxd8 0-1

[Event "Championnat de France des Jeunes - Pupilles"]
[Site "MONTLUCON"]
[Date "2011.04.17"]
[Round "1.8"]
[White "Georges, Thomas"]
[Black "Lafortune, Emerick"]
[Result "1/2-1/2"]
[WhiteElo "1554"]
[BlackElo "1780"]
[PlyCount "36"]

1. d4 Nf6 2. Nf3 g6 3. g3 Bg7 4. Bg2 d5 5. O-O O-O 6. c4 c6 7. cxd5 cxd5 8. Nc3
Nc6 9. e3 Bf5 10. Qb3 Rb8 11. Nh4 Be6 12. a3 Qd7 13. Re1 Rfd8 14. Qc2 Rbc8 15.
Qd2 Bh3 16. Bh1 Be6 17. Nf3 Ne8 18. Ng5 Nc7 1/2-1/2

[Event "Championnat de France des Jeunes - Pupilles"]
[Site "MONTLUCON"]
[Date "2011.04.17"]
[Round "1.9"]
[White "Gennesseaux, Blaise"]
[Black "Dodart, Guillaume"]
[Result "0-1"]
[WhiteElo "1772"]
[BlackElo "1551"]
[PlyCount "34"]

1. e4 c5 2. c3 Nf6 3. e5 Nd5 4. d4 cxd4 5. cxd4 Nc6 6. Nf3 d6 7. Bb5 Qa5+ 8.
Nc3 Nxc3 9. bxc3 Qxb5 10. exd6 exd6 11. Be3 Qc4 12. Qd2 Bg4 13. Rb1 b6 14. d5
Bxf3 15. gxf3 Ne5 16. Rb4 Nxf3+ 17. Kd1 Nxd2 0-1

[Event "Championnat de France des Jeunes - Pupilles"]
[Site "MONTLUCON"]
[Date "2011.04.17"]
[Round "1.10"]
[White "Grolleau, Matteo"]
[Black "Fort, Armand"]
[Result "0-1"]
[WhiteElo "1550"]
[BlackElo "1750"]
[PlyCount "148"]

1. e4 c5 2. c3 Nc6 3. d4 cxd4 4. cxd4 e6 5. Nf3 Nf6 6. Nc3 Bb4 7. Bd3 d5 8. e5
Ne4 9. Bd2 Nxd2 10. Qxd2 h6 11. O-O Qb6 12. a3 Be7 13. Na4 Qd8 14. Rac1 Bd7 15.
Nc5 Bxc5 16. Rxc5 b6 17. Rc3 O-O 18. Rfc1 Rc8 19. Ba6 Rb8 20. Rxc6 Bxc6 21.
Rxc6 b5 22. Rc5 Qd7 23. Qa5 Qd8 24. Qxd8 Rfxd8 25. Rxb5 Rxb5 26. Bxb5 Rb8 27.
a4 Rc8 28. Kf1 Rc1+ 29. Ne1 Rb1 30. Ke2 Rxb2+ 31. Ke3 Ra2 32. Nd3 Kf8 33. Nc5
Ke7 34. Nb7 a6 35. Bc6 Rc2 36. Nc5 f6 37. exf6+ gxf6 38. Bb7 a5 39. g4 Kd6 40.
Ba8 Ke7 41. h4 Rc3+ 42. Kd2 Rc4 43. Kd3 e5 44. Nb3 e4+ 45. Kd2 Kd6 46. Nxa5
Rxd4+ 47. Kc3 Rxa4 48. Bxd5 Rxa5 49. Bxe4 Ra4 50. f3 Ke5 51. Kd3 Kf4 52. Bd5
Ra3+ 53. Ke2 Rc3 54. Be4 Rb3 55. Bd5 Rb2+ 56. Kf1 Kg3 57. h5 Rf2+ 58. Kg1 Rxf3
59. Be6 Re3 60. Bc4 Re1+ 61. Bf1 Rxf1+ 62. Kxf1 Kxg4 63. Kg2 Kxh5 64. Kh3 f5
65. Kg3 Kg5 66. Kf3 h5 67. Kg3 f4+ 68. Kh3 h4 69. Kh2 Kg4 70. Kg2 f3+ 71. Kh2
h3 72. Kg1 Kg3 73. Kh1 Kf2 74. Kh2 Ke1 0-1

[Event "Championnat de France des Jeunes - Pupilles"]
[Site "MONTLUCON"]
[Date "2011.04.18"]
[Round "2.1"]
[White "Tawegoum, Ivan"]
[Black "Maulana, Kahfi"]
[Result "0-1"]
[WhiteElo "1640"]
[BlackElo "1907"]
[Annotator ""]

1. e4 e5 2. Nf3 Nc6 3. Bc4 Nf6 4. Ng5 d5 5. exd5 Na5 6. Bb5+ Bd7 7. Bxd7+ Qxd7
8. O-O Bd6 9. Nc3 O-O-O 10. d3 Bb4 11. Bd2 h6 12. Nge4 Bxc3 13. Bxc3 Qxd5 14.
Qe2 Nc6 15. Rfd1 Kb8 16. Kh1 Rhe8 17. f3 Nh5 18. Qf2 f5 19. Ng3 Nxg3+ 20. Qxg3
g5 21. Qf2 h5 22. Rf1 f4 23. a3 Ne7 24. Rfe1 Nf5 25. Bd2 g4 26. fxg4 hxg4 27.
Qe2 Qd4 28. Qxg4 Ng3+ 29. hxg3 Rh8+ 30. Qh4 fxg3 31. Qh3 Rxh3+ 32. gxh3 Qf2 0-1

[Event "Championnat de France des Jeunes - Pupilles"]
[Site "MONTLUCON"]
[Date "2011.04.18"]
[Round "2.2"]
[White "Meunier, Clement"]
[Black "Gautier, Anand"]
[Result "1-0"]
[WhiteElo "1846"]
[BlackElo "1639"]
[PlyCount "115"]

1. e4 c5 2. Nf3 Nc6 3. d4 cxd4 4. Nxd4 Nf6 5. Nc3 e6 6. Bc4 Bb4 7. O-O Bxc3 8.
bxc3 Nxe4 9. Qg4 Nf6 10. Qxg7 Rg8 11. Qh6 Rg6 12. Qh4 Rg4 13. Qh3 d5 14. Be2
Rg7 15. Ba3 Ne4 16. Nb5 a6 17. Nd4 Qg5 18. f4 Qf6 19. Nxc6 bxc6 20. Bb2 c5 21.
Qe3 Bb7 22. Bf3 Qg6 23. Rab1 Bc6 24. c4 d4 25. Qe1 Rc8 26. Ba1 Nc3 27. Bxc6+
Rxc6 28. Rb8+ Kd7 29. Rf2 Ne4 30. Re2 Qg4 31. Qf1 f5 32. Rb3 h5 33. Rxe4 fxe4
34. Rg3 Rd6 35. Rxg4 Rxg4 36. f5 e5 37. g3 Rf6 38. Kg2 e3 39. h4 Ke7 40. c3 Rd6
41. cxd4 exd4 42. a4 Kf7 43. a5 d3 44. Qf3 Rd7 45. Qxe3 Kf8 46. Qh6+ Ke7 47.
Qe6+ Kd8 48. Bf6+ Kc7 49. Qb6+ Kc8 50. Qxa6+ Kc7 51. Qb6+ Kc8 52. Qxc5+ Rc7 53.
Qd5 Rgxc4 54. Qxd3 Rc2+ 55. Kf3 R2c6 56. Be5 Rd7 57. Qb5 Rc1 58. Qb8# 1-0

[Event "Championnat de France des Jeunes - Pupilles"]
[Site "MONTLUCON"]
[Date "2011.04.18"]
[Round "2.3"]
[White "Thiercelin, Jerome"]
[Black "O'Sullivan, Thomas"]
[Result "1/2-1/2"]
[WhiteElo "1636"]
[BlackElo "1814"]
[PlyCount "64"]

1. d4 Nf6 2. c4 g6 3. Nc3 Bg7 4. e4 d6 5. Nf3 O-O 6. Be2 e5 7. O-O Qe7 8. Bg5
c6 9. d5 h6 10. Bxf6 Bxf6 11. Nd2 Bg7 12. b4 Na6 13. a3 f5 14. f3 Qg5 15. Rc1
h5 16. Nb3 Qe7 17. Qd3 Nc7 18. Rfd1 Rd8 19. dxc6 bxc6 20. c5 d5 21. Na5 Qe6 22.
exd5 Nxd5 23. Qc4 Bh6 24. Ra1 Be3+ 25. Kh1 Bd4 26. Rac1 Ne3 27. Qxe6+ Bxe6 28.
Rd3 Rac8 29. Nb7 Rd7 30. Nd6 Rcc7 31. Na4 Nd5 32. Rb1 Nf4 1/2-1/2

[Event "Championnat de France des Jeunes - Pupilles"]
[Site "MONTLUCON"]
[Date "2011.04.18"]
[Round "2.4"]
[White "Ginovart, Axel"]
[Black "Leibenguth, Pablo"]
[Result "1-0"]
[WhiteElo "1802"]
[BlackElo "1633"]
[PlyCount "63"]

1. e4 c5 2. Nc3 d6 3. f4 Nc6 4. Nf3 e5 5. Bb5 exf4 6. d3 g5 7. h4 g4 8. Ng1 Be7
9. Bxf4 Bxh4+ 10. g3 Bg5 11. Qd2 Bxf4 12. Qxf4 Qd7 13. Nge2 Qe6 14. Nd5 Qd7 15.
Nf6+ Nxf6 16. Qxf6 Rf8 17. Rxh7 Qe6 18. Qf2 a6 19. Bc4 Qg6 20. Rh2 Ne5 21.
O-O-O Nf3 22. Nf4 Qg5 23. Rh5 Qd8 24. Rdh1 Qa5 25. Nd5 b5 26. Bb3 Be6 27. Nf6+
Ke7 28. Nd5+ Ke8 29. c3 Rc8 30. Qe3 c4 31. dxc4 bxc4 32. Nf6+ 1-0

[Event "Championnat de France des Jeunes - Pupilles"]
[Site "MONTLUCON"]
[Date "2011.04.18"]
[Round "2.5"]
[White "Bianchi, Tobias"]
[Black "Rey, Gaetan"]
[Result "1/2-1/2"]
[WhiteElo "1631"]
[BlackElo "1797"]
[PlyCount "120"]

1. d4 Nf6 2. c4 c5 3. d5 e6 4. Nc3 exd5 5. cxd5 d6 6. e4 g6 7. Bd3 Bg7 8. Nge2
O-O 9. O-O Re8 10. Ng3 Nbd7 11. f4 a6 12. a4 Rb8 13. Qf3 Qc7 14. Be3 c4 15. Bc2
Nc5 16. h3 b5 17. axb5 axb5 18. e5 Nfd7 19. Nce4 Nxe4 20. Bxe4 Nc5 21. Qf2 Nxe4
22. Nxe4 dxe5 23. d6 Qc6 24. fxe5 Be6 25. Ng5 Bd5 26. e6 f6 27. d7 Re7 28. Bc5
Rxe6 29. Nxe6 Bxe6 30. Rfd1 Bxd7 31. Rd6 Qc8 32. Qd4 Be6 33. Qe3 Bf8 34. Qxe6+
Qxe6 35. Rxe6 Bxc5+ 36. Kf1 Bd4 37. Re2 Rb7 38. Rd1 Be5 39. Red2 h5 40. Ke2 Kf7
41. Rd7+ Rxd7 42. Rxd7+ Ke6 43. Rb7 Bxb2 44. Rxb5 Be5 45. Ke3 Kf5 46. Kf3 h4
47. Rb4 c3 48. Rxh4 Ke6 49. Ke3 g5 50. Rc4 Kd5 51. Kd3 Ke6 52. Rc6+ Kf5 53. Rc4
Kg6 54. g4 Kf7 55. Rc6 Ke7 56. Ra6 Kd7 57. Rb6 Kc7 58. Re6 Kd7 59. Rb6 Kc7 60.
Re6 Kd7 1/2-1/2

[Event "Championnat de France des Jeunes - Pupilles"]
[Site "MONTLUCON"]
[Date "2011.04.18"]
[Round "2.6"]
[White "Fort, Armand"]
[Black "Amghar, Ismael"]
[Result "1-0"]
[WhiteElo "1750"]
[BlackElo "1630"]
[PlyCount "101"]

1. d4 Nf6 2. Bf4 g6 3. Nf3 Bg7 4. e3 O-O 5. Nbd2 d6 6. c3 Re8 7. Be2 Nc6 8. O-O
Bf5 9. Nh4 Bd7 10. Nhf3 h6 11. h3 e5 12. dxe5 Nxe5 13. Nxe5 dxe5 14. Bg3 Bf5
15. Qc1 Qe7 16. Nf3 Ne4 17. Bh2 Rad8 18. Rd1 Rxd1+ 19. Qxd1 Rd8 20. Qb3 b6 21.
Rd1 Rxd1+ 22. Qxd1 Nd6 23. Qa4 a5 24. b4 e4 25. Nd4 Bxd4 26. cxd4 axb4 27. Qxb4
Be6 28. a4 Bd7 29. a5 bxa5 30. Qxa5 Bc6 31. Qc5 Qd7 32. Qe5 Qe8 33. Qf6 Qe6 34.
Qd8+ Ne8 35. Bxc7 Qa2 36. Bf1 Qa1 37. Qb8 Kh7 38. Be5 Ba4 39. d5 Qd1 40. d6 Qd5
41. Bg3 Qd1 42. Qb7 Nxd6 43. Bxd6 Qxd6 44. Qxf7+ Kh8 45. Bc4 Qd1+ 46. Kh2 Qd6+
47. g3 Qb8 48. Qxg6 Qf8 49. Kg2 Qf3+ 50. Kg1 Qd1+ 51. Kh2 1-0

[Event "Championnat de France des Jeunes - Pupilles"]
[Site "MONTLUCON"]
[Date "2011.04.18"]
[Round "2.7"]
[White "Ferrari, Louis"]
[Black "Pillard, Valentin"]
[Result "1/2-1/2"]
[WhiteElo "1628"]
[BlackElo "1750"]
[PlyCount "72"]

1. c4 c5 2. Nc3 e6 3. Nf3 d5 4. cxd5 exd5 5. g3 Nc6 6. Bg2 Nf6 7. d4 Bf5 8. Bg5
Be7 9. O-O O-O 10. dxc5 d4 11. Nh4 Bg6 12. Nxg6 hxg6 13. Bxf6 Bxf6 14. Nd5 Rc8
15. Rc1 Re8 16. Re1 Re5 17. Nxf6+ gxf6 18. Bxc6 Rxc6 19. b4 Rce6 20. Rc4 d3 21.
e3 f5 22. Rc3 Rd5 23. Qd2 Re7 24. Rd1 Red7 25. b5 f4 26. c6 bxc6 27. bxc6 Rc7
28. Rxd3 Rxd3 29. Qxd3 Qxd3 30. Rxd3 fxe3 31. fxe3 Rxc6 32. Ra3 a6 33. Kf2 Kg7
34. Kf3 Kh6 35. h4 f6 36. g4 Rb6 1/2-1/2

[Event "Championnat de France des Jeunes - Pupilles"]
[Site "MONTLUCON"]
[Date "2011.04.18"]
[Round "2.8"]
[White "Caille, Hugo"]
[Black "Poulet, Sebastien"]
[Result "0-1"]
[WhiteElo "1748"]
[BlackElo "1628"]
[PlyCount "92"]

1. e4 c5 2. Nf3 e6 3. d4 cxd4 4. Nxd4 Nf6 5. Nc3 d6 6. Be3 Nc6 7. f3 Be7 8. Qd2
O-O 9. Be2 a6 10. O-O Qc7 11. f4 Bd7 12. f5 Nxd4 13. Bxd4 e5 14. Be3 Bc6 15.
Nd5 Bxd5 16. exd5 Rac8 17. c4 Rfe8 18. Kh1 Bf8 19. b3 Qe7 20. g4 h6 21. Rg1 Nh7
22. Raf1 f6 23. h4 Rc7 24. g5 hxg5 25. hxg5 Nxg5 26. Bxg5 fxg5 27. Rxg5 Qf6 28.
Rf2 Rec8 29. Rh2 Kf7 30. Bh5+ Ke7 31. Qd3 Qxg5 32. Qf3 b5 33. Rg2 Qh4+ 34. Kg1
bxc4 35. Rg4 Qe1+ 36. Kh2 cxb3 37. f6+ gxf6 38. Qxb3 Rc2+ 39. Rg2 Qh4+ 40. Kg1
Rxg2+ 41. Kxg2 Qxh5 42. Qb7+ Kd8 43. Qb6+ Ke8 44. Qb3 Qg4+ 45. Kf2 Qd4+ 46. Kg2
Qd2+ 0-1

[Event "Championnat de France des Jeunes - Pupilles"]
[Site "MONTLUCON"]
[Date "2011.04.18"]
[Round "2.9"]
[White "Senebier, Hugo"]
[Black "Pigeat, Alexandre"]
[Result "0-1"]
[WhiteElo "1620"]
[BlackElo "1741"]
[PlyCount "84"]

1. d4 Nf6 2. c4 c5 3. e3 g6 4. Nc3 Bg7 5. Nf3 O-O 6. d5 d6 7. e4 Bg4 8. Bd3
Nbd7 9. Bf4 Nh5 10. Be3 Ne5 11. Be2 f5 12. Nxe5 Bxe2 13. Qxe2 Bxe5 14. O-O f4
15. Bd2 Qd7 16. f3 g5 17. Rf2 Bd4 18. Nd1 e5 19. Kh1 Bxf2 20. Nxf2 Nf6 21. Rg1
Kh8 22. g4 Rg8 23. Qd1 b5 24. Qc2 a6 25. b3 b4 26. Ra1 h5 27. Rg1 hxg4 28. Nxg4
Nxg4 29. Rxg4 Qh7 30. Be1 Qh3 31. Qg2 Qxg2+ 32. Rxg2 Rg7 33. h3 Rag8 34. Kg1
Rh7 35. Rh2 Rg6 36. Kg2 Kg7 37. Bd2 Kf6 38. Bc1 Ra7 39. Kf1 Rh6 40. Bd2 a5 41.
Be1 a4 42. h4 axb3 0-1

[Event "Championnat de France des Jeunes - Pupilles"]
[Site "MONTLUCON"]
[Date "2011.04.18"]
[Round "2.10"]
[White "Berrini, Sylvain"]
[Black "Roussel, Glenn"]
[Result "1-0"]
[WhiteElo "1619"]
[BlackElo "1733"]
[PlyCount "59"]

1. e4 c5 2. Nf3 a6 3. d4 cxd4 4. Nxd4 Nf6 5. Nc3 e5 6. Nf3 Nc6 7. Be3 Bb4 8.
Bd3 d5 9. exd5 Qxd5 10. Qd2 Qa5 11. Ng5 Nd5 12. O-O Nxc3 13. bxc3 Bxc3 14. Qe2
Bxa1 15. Rxa1 Ne7 16. Rd1 f6 17. Nxh7 e4 18. Bxe4 Qe5 19. Bf4 Qe6 20. Qh5+ g6
21. Bxg6+ Nxg6 22. Qxg6+ Ke7 23. Qg7+ Qf7 24. Bd6+ Ke6 25. Re1+ Kxd6 26. Qxf7
Bd7 27. Nxf6 Rad8 28. Rd1+ Kc6 29. Nxd7 Rhe8 30. Qc4# 1-0

[Event "Championnat de France des Jeunes - Pupilles"]
[Site "MONTLUCON"]
[Date "2011.04.18"]
[Round "3.1"]
[White "Maulana, Kahfi"]
[Black "Berrini, Sylvain"]
[Result "1/2-1/2"]
[WhiteElo "1907"]
[BlackElo "1619"]
[Annotator ""]

1. e4 e5 2. Nf3 Nc6 3. Bc4 Bc5 4. c3 Nf6 5. d4 exd4 6. cxd4 Bb4+ 7. Nc3 Nxe4 8.
O-O Bxc3 9. d5 Bf6 10. Re1 O-O 11. Rxe4 Ne7 12. d6 cxd6 13. Qxd6 Nf5 14. Qd5
Ne7 15. Qd6 Nf5 16. Qd3 d5 17. Bxd5 Ne7 18. Bc4 Qxd3 19. Bxd3 Rd8 20. Bc4 Bf5
21. Re1 Rac8 22. Bb3 Ng6 23. Bg5 Bxb2 24. Bxd8 Bxa1 25. Ng5 Rxd8 26. Nxf7 Rf8
27. Nd6+ Kh8 28. Rxa1 h5 29. Re1 Nh4 30. Re3 Bg6 31. Nxb7 Rc8 32. h3 Nf5 33.
Re1 Nd4 34. Nd6 Rc6 35. Nf7+ Kh7 36. Ne5 Rc3 37. Nxg6 Kxg6 38. Bd5 Rc5 39. Be4+
Kf6 40. Rd1 Ne2+ 41. Kh2 Nc3 42. Rd4 Ke5 43. Rd7 Nxe4 44. Rxa7 Nxf2 45. Rxg7
Kf6 46. Rg3 Ne4 47. Rf3+ Rf5 48. Rxf5+ Kxf5 49. a4 Nc5 50. a5 h4 51. g3 hxg3+
52. Kxg3 Kg5 53. Kf3 Kh4 54. Ke3 Kxh3 55. Kd4 1/2-1/2

[Event "Championnat de France des Jeunes - Pupilles"]
[Site "MONTLUCON"]
[Date "2011.04.18"]
[Round "3.2"]
[White "Flick, Antoine"]
[Black "Meunier, Clement"]
[Result "0-1"]
[WhiteElo "1649"]
[BlackElo "1846"]
[PlyCount "68"]

1. c4 c5 2. Nc3 Nf6 3. g3 Nc6 4. Bg2 b6 5. e3 Bb7 6. Nge2 e6 7. O-O d6 8. Re1
a6 9. d4 cxd4 10. exd4 Be7 11. Qa4 Qd7 12. d5 exd5 13. Nxd5 Nxd5 14. Bxd5 b5
15. Qb3 O-O 16. Bf4 Na5 17. Qb4 Nxc4 18. Nc3 Ne5 19. Qe4 Bxd5 20. Qxd5 Ng6 21.
Be3 Rab8 22. Rad1 b4 23. Ne4 Rb5 24. Qd4 Ne5 25. Kg2 Qb7 26. f4 Nc6 27. Qd3 d5
28. Ng5 Bxg5 29. fxg5 d4 30. Bxd4 Nxd4+ 31. Re4 Re5 32. Rde1 Rfe8 33. Qxd4 Rxe4
34. Rxe4 Qxe4+ 0-1

[Event "Championnat de France des Jeunes - Pupilles"]
[Site "MONTLUCON"]
[Date "2011.04.18"]
[Round "3.3"]
[White "Poulet, Sebastien"]
[Black "Ginovart, Axel"]
[Result "1/2-1/2"]
[WhiteElo "1628"]
[BlackElo "1802"]
[PlyCount "111"]

1. e4 c5 2. Nf3 a6 3. d4 cxd4 4. Nxd4 Nf6 5. Nc3 e5 6. Nb3 Bb4 7. f3 O-O 8. a3
Bxc3+ 9. bxc3 d5 10. exd5 Nxd5 11. c4 Ne7 12. Bb2 Nbc6 13. Qxd8 Rxd8 14. Bd3
Be6 15. Kf2 f6 16. Rad1 b6 17. Rhe1 Kf7 18. Rd2 Nf5 19. Red1 Nd6 20. Be4 Nxe4+
21. fxe4 Bxc4 22. Rxd8 Rxd8 23. Rxd8 Nxd8 24. Ke3 Ne6 25. Nd2 Bb5 26. g3 Nc5
27. Nb3 Nb7 28. Nd2 Nd6 29. Bc3 a5 30. Bb2 Ba4 31. c3 b5 32. Bc1 Bc2 33. Bb2
Nc4+ 34. Nxc4 bxc4 35. Bc1 Ke6 36. Kf3 Kd6 37. Be3 Kc6 38. Ba7 Kb5 39. Be3 Ka4
40. Bb6 Kxa3 41. Bxa5 Kb2 42. Bb4 Kc1 43. Ke3 Kd1 44. Bf8 Bd3 45. Bxg7 f5 46.
exf5 Bxf5 47. Bxe5 Bh3 48. Kd4 Bf1 49. g4 Bd3 50. Ke3 Ke1 51. h4 Kf1 52. Kf3
Ke1 53. Bd4 Kf1 54. g5 Ke1 55. Kf4 Ke2 56. Kg3 1/2-1/2

[Event "Championnat de France des Jeunes - Pupilles"]
[Site "MONTLUCON"]
[Date "2011.04.18"]
[Round "3.4"]
[White "Fort, Armand"]
[Black "Colin, Enzo"]
[Result "1/2-1/2"]
[WhiteElo "1750"]
[BlackElo "1610"]
[PlyCount "49"]

1. d4 e6 2. Bf4 f5 3. Nf3 c6 4. e3 d5 5. Nbd2 Nf6 6. c3 Bd6 7. Bg3 O-O 8. Be2
Bxg3 9. hxg3 Ne4 10. Nxe4 fxe4 11. Ne5 Nd7 12. Nxd7 Bxd7 13. Bg4 Qf6 14. f4 Be8
15. Qe2 Bg6 16. Bh5 Bxh5 17. Qxh5 Qf5 18. g4 Qxh5 19. gxh5 Rf5 20. g4 Rf6 21.
Ke2 Kf8 22. Raf1 Ke7 23. g5 Rf5 24. h6 g6 25. Rhg1 1/2-1/2

[Event "Championnat de France des Jeunes - Pupilles"]
[Site "MONTLUCON"]
[Date "2011.04.18"]
[Round "3.5"]
[White "Pigeat, Alexandre"]
[Black "Chesterkine, Vassili"]
[Result "0-1"]
[WhiteElo "1741"]
[BlackElo "1603"]
[PlyCount "78"]

1. e4 c5 2. Nf3 d6 3. d4 cxd4 4. Nxd4 Nf6 5. Nc3 Nc6 6. f3 e5 7. Ndb5 a6 8. Na3
b5 9. Nd5 Be6 10. c4 bxc4 11. Bxc4 Rc8 12. Bxa6 Qa5+ 13. b4 Qxa6 14. b5 Qa5+
15. Kf1 Nd4 16. Nxf6+ gxf6 17. Qd3 Rc3 18. Qd1 Nxb5 19. Bd2 Qxa3 20. Bxc3 Qxc3
21. Rc1 Bc4+ 22. Kf2 Qb4 23. g3 Bh6 24. Rb1 Qc5+ 25. Kg2 O-O 26. Qe1 Ra8 27.
Rb2 Qd4 28. Qg1 Nc3 29. Qe1 Rxa2 30. Rxa2 Nxa2 31. Qd1 Nc3 32. Qa1 Be6 33. Rf1
Be3 34. Qb2 Na2 35. Qc2 Nb4 36. Qd1 Qb2+ 37. Kh1 Bh3 38. Rg1 Bxg1 39. Qxg1 Qe2
0-1

[Event "Championnat de France des Jeunes - Pupilles"]
[Site "MONTLUCON"]
[Date "2011.04.18"]
[Round "3.6"]
[White "Aghamir Alrobiai, Nizar"]
[Black "Roque, Gaetan"]
[Result "1/2-1/2"]
[WhiteElo "1720"]
[BlackElo "1583"]
[PlyCount "92"]

1. e4 d6 2. d4 Nf6 3. Nc3 Nbd7 4. Nf3 e5 5. dxe5 dxe5 6. Bg5 Be7 7. Bd3 O-O 8.
Qd2 c6 9. h4 h6 10. Bxf6 Nxf6 11. Nxe5 Qc7 12. Nc4 b5 13. Ne3 Rd8 14. O-O b4
15. Ne2 Nxe4 16. Qe1 Nf6 17. Ng3 Ng4 18. Nxg4 Bxg4 19. Qe4 f5 20. Qe6+ Kf8 21.
Bc4 Bf6 22. Rfe1 Rd5 23. Bxd5 cxd5 24. Qxd5 Rd8 25. Qb3 Qc5 26. Rac1 Rd2 27.
Qe3 Qxe3 28. Rxe3 f4 29. Re4 fxg3 30. Rxg4 gxf2+ 31. Kf1 Bxb2 32. Rb1 Rxc2 33.
Rf4+ Bf6 34. Rxf2 Rxf2+ 35. Kxf2 Bxh4+ 36. Kf3 a5 37. Ke4 Ke7 38. Kd5 Bf6 39.
Kc5 Ke6 40. Rf1 Bc3 41. Kb5 g5 42. Rh1 Kf5 43. Rxh6 Kf4 44. Rh3 g4 45. Rd3 Ke4
46. Rg3 Kf4 1/2-1/2

[Event "Championnat de France des Jeunes - Pupilles"]
[Site "MONTLUCON"]
[Date "2011.04.18"]
[Round "3.7"]
[White "Kieffer, Anatole"]
[Black "Lambert, Thomas"]
[Result "1-0"]
[WhiteElo "1712"]
[BlackElo "1450"]
[PlyCount "49"]

1. e4 e5 2. Nf3 Nc6 3. Bc4 Nf6 4. d3 Be7 5. c3 d6 6. O-O Na5 7. Bb5+ c6 8. Ba4
b5 9. Bc2 Bg4 10. h3 Bh5 11. Nbd2 O-O 12. Re1 Qb6 13. Nf1 Qc7 14. Ng3 Bxf3 15.
Qxf3 h6 16. b4 Nb7 17. Nf5 Kh8 18. g4 Ng8 19. Kh2 f6 20. Bb3 Kh7 21. h4 Qd8 22.
Bd2 g5 23. hxg5 hxg5 24. Qh3+ Nh6 25. Qxh6# 1-0

[Event "Championnat de France des Jeunes - Pupilles"]
[Site "MONTLUCON"]
[Date "2011.04.18"]
[Round "3.8"]
[White "Apap, Hugo"]
[Black "Vigna, Leo"]
[Result "1-0"]
[WhiteElo "1504"]
[BlackElo "1689"]
[PlyCount "109"]

1. d4 Nf6 2. c4 e6 3. a3 b6 4. Nc3 Bb7 5. Nf3 Be7 6. Bf4 O-O 7. h3 d6 8. e3
Nbd7 9. Be2 Re8 10. O-O Bf8 11. Qc2 g6 12. Rfd1 Bg7 13. b4 Qe7 14. Rac1 e5 15.
Bh2 exd4 16. Nxd4 a6 17. Bf3 Bxf3 18. Nxf3 Ne5 19. Nxe5 dxe5 20. Nd5 Nxd5 21.
cxd5 Rac8 22. f4 Red8 23. Qc4 e4 24. Rc2 Kh8 25. Rdc1 Rd7 26. Qxa6 Qd8 27. Qxb6
Rxd5 28. Qc6 Rd1+ 29. Rxd1 Qxd1+ 30. Kf2 Rd8 31. Re2 h5 32. Qxe4 Rd2 33. Qf3
Bb2 34. Rxd2 Qxd2+ 35. Qe2 Qxe2+ 36. Kxe2 Bxa3 37. b5 f5 38. e4 fxe4 39. Ke3
Bd6 40. Kxe4 g5 41. Kf5 g4 42. hxg4 hxg4 43. Kxg4 Kg7 44. Kh3 Kf6 45. g4 Bc5
46. f5 Bb6 47. Kh4 Bf2+ 48. Kh5 Bb6 49. Bg3 Kf7 50. g5 Kg7 51. f6+ Kf7 52. Kh6
Kg8 53. Bf4 Kh8 54. f7 Bc5 55. Be5# 1-0

[Event "Championnat de France des Jeunes - Pupilles"]
[Site "MONTLUCON"]
[Date "2011.04.18"]
[Round "3.9"]
[White "Swerdlin, Ryan"]
[Black "Dietrich, Thomas"]
[Result "1-0"]
[WhiteElo "1099"]
[BlackElo "1660"]
[PlyCount "73"]

1. d4 Nf6 2. e3 g6 3. Nf3 Bg7 4. Be2 O-O 5. O-O d6 6. c4 Nbd7 7. Nc3 e5 8. Qc2
Ne8 9. dxe5 dxe5 10. Rd1 c6 11. Rb1 a5 12. a3 Qe7 13. b4 axb4 14. axb4 f5 15.
c5 Kh8 16. Bb2 g5 17. Nd2 f4 18. Nce4 h6 19. Nc4 Rg8 20. Ncd6 Bf6 21. Bc4 Rg7
22. Nf5 Qf8 23. Nxg7 Qxg7 24. Ra1 Rb8 25. Ra3 Nf8 26. Qc3 Ng6 27. Rda1 Nc7 28.
Nd6 g4 29. Qc2 g3 30. fxg3 fxg3 31. hxg3 Bd7 32. Qe4 b5 33. Bb3 h5 34. Bf7 Ne7
35. Rf1 Be8 36. Rxf6 Bxf7 37. Rxf7 1-0